000 00589nam a2200181Ia 4500
003 GCL
008 140319s9999 xx 000 0 ara d
040 _aGCL /
_cGCL
082 0 4 _a542
_bا ا
100 1 _aابراهيم سالم منصور
245 1 0 _aاقتصاديات الهندسة الكيمياوية وتصميم المصانع /
_cابراهيم سالم منصور
260 _a[S.N] :
_bدار الراتب الجامعية
300 _a315 ص
490 _a
650 0 4 _aالهندسة الكيميائية
650 0 4 _aتصميم المصانع
942 _2ddc
_cBK
999 _c53381
_d53381